| 000 | 01300nam a2200361 i 4500 | ||
|---|---|---|---|
| 001 | 11458 | ||
| 003 | KOSZ 005 | ||
| 005 | 20221229122758.0 | ||
| 008 | 070907s1968 pl a f 000 0 pol | ||
| 015 | _aPB 1968/8068 | ||
| 040 |
_aWA N _cWA N _dKOSZ 005/RW _dKOSZ 005/HR |
||
| 046 | _k1968 | ||
| 080 | _a658.56 | ||
| 100 | 1 |
_aBukojemski, Leszek _eAutor |
|
| 245 | 1 | 0 |
_aGospodarka materiałowa w budownictwie / _cLeszek Bukojemski, Jan Nowak, Tadeusz Zieliński. |
| 260 |
_aWarszawa : _bPaństwowe Wydawnictwo Ekonomiczne, _c1968. |
||
| 300 |
_a267, [1] s., [1] k. tabl. : _bil. ; _c23 cm. |
||
| 336 |
_2rdacontent _aTekst _btxt |
||
| 337 |
_2rdamedia _aBez urządzenia pośredniczącego _bn |
||
| 338 |
_2rdacarrier _aWolumin _bnc |
||
| 380 | _aKsiążki | ||
| 388 | _a1901-2000 | ||
| 504 | _aBibliogr. s. 264. | ||
| 650 | 4 | _aBudownictwo | |
| 650 | 4 | _aGospodarka materiałowa | |
| 658 | _aArchitektura i budownictwo | ||
| 658 | _aZarządzanie i marketing | ||
| 700 | 1 |
_aNowak, Jan _c(ekonomista) _eAutor |
|
| 700 | 1 |
_aZieliński, Tadeusz _d(1924- ) _eAutor |
|
| 710 | 2 |
_aPaństwowe Wydawnictwo Ekonomiczne _4pbl. |
|
| 856 |
_uhttp://koha.tu.koszalin.pl/cgi-bin/koha/opac-detail.pl?biblionumber=11458 _yKatalog online BPK |
||
| 942 |
_2UKD _cKS |
||
| 999 |
_c11458 _d11458 |
||